The role of land reform in economic development : A case study of Taiwan
সংরক্ষণ করুন:
| প্রধান লেখক: | |
|---|---|
| বিন্যাস: | গ্রন্থ |
| ভাষা: | Undetermined |
| প্রকাশিত: |
New York
Praeger
1968
|
| বিষয়গুলি: | |
| ট্যাগগুলো: |
ট্যাগ যুক্ত করুন
কোনো ট্যাগ নেই, প্রথমজন হিসাবে ট্যাগ করুন!
|
| Thư viện lưu trữ: | Trung tâm Học liệu Trường Đại học Cần Thơ |
|---|
| LEADER | 00546nam a2200205Ia 4500 | ||
|---|---|---|---|
| 001 | CTU_91098 | ||
| 008 | 210402s9999 xx 000 0 und d | ||
| 082 | |a 333.7 | ||
| 082 | |b K75 | ||
| 100 | |a Koo, Anthony Y. C. | ||
| 245 | 4 | |a The role of land reform in economic development : | |
| 245 | 2 | |b A case study of Taiwan | |
| 245 | 0 | |c Anthony Y. C. Koo | |
| 260 | |a New York | ||
| 260 | |b Praeger | ||
| 260 | |c 1968 | ||
| 650 | |a Land tenure | ||
| 650 | |z Taiwan | ||
| 904 | |i Nguyên | ||
| 980 | |a Trung tâm Học liệu Trường Đại học Cần Thơ | ||